00489nam a2200193 a 4500001001300000003000900013005001700022008004100039020001000080082001900090100001600109245005500125260003100180300000900211500003500220505001300255650001100268700001600279nice12345678IN_TiNIC20260116011629.0050524s1974 lona grp 000 0 eng  ac10000a956.94052bNEA aNear, Henry aSeventh Dayb Soldiers` Talk About the Six Day War aLondonbPenguin Bookc1974 a316p aincludes index and biblioraphy2 aglossary aIsrael1 aNear, Henry